000
00275nam a22001097a 4500
082
_a
100
100
_a
Karl potter
_9
80945
245
_a
Encyclopedia of Indian Philosophies Vol lx
260
_a
Delhi
_b
Motilal pub
_c
2008
650
_a
f Indian Philosophies
_9
80946
942
_c
BK
999
_c
64156
_d
64156